000 00787nas a2200265 4500
001 BR9601822
003 BR-BrBNA
005 20231205095722.0
007 ta
008 230509b bl.|||p| |||| 00| 00por d
040 _aBR-BrBNA
_bpor
_cBiblioteca Nacional de Agricultura
041 _a(Pt)
072 _aF70
100 1 _aPaula, J.E. de
100 1 _aConceicao, C. de A.
100 1 _aMacedo, M.
245 1 _aContribuicao para o conhecimento do Pantanal Passo da Lontra
650 _aBiota
650 _aDispersao de Semente
650 _aInventario
650 _aMato Grosso do Sul
773 0 _tPesquisa Agropecuaria Brasileira (Brazil)
_xISSN 0100-204X
_g(May 1995), v. 30(5) p. 583-594
_wBR9601822
909 _a202311
_bLúcia
_c55
_dLúcia Elande
942 _2AGRIS
_n0
_cANA
999 _c152339
_d152339